Structural Mechanics (Record no. 4439)

MARC details
000 -LEADER
fixed length control field 00400nam a22001697a 4500
005 - DATE AND TIME OF LATEST TRANSACTION
control field 20160628142059.0
008 - FIXED-LENGTH DATA ELEMENTS--GENERAL INFORMATION
fixed length control field 160628b xxu||||| |||| 00| 0 eng d
020 ## - INTERNATIONAL STANDARD BOOK NUMBER
ISBN 978-93-5014-065-9
041 ## - LANGUAGE CODE
Language code of text/sound track or separate title eng
082 ## - DEWEY DECIMAL CLASSIFICATION NUMBER
Item number 11215
100 ## - MAIN ENTRY--AUTHOR NAME
Personal name Upadhyay, A.K.
245 ## - TITLE STATEMENT
Title Structural Mechanics
260 ## - PUBLICATION, DISTRIBUTION, ETC. (IMPRINT)
Name of publisher Katson Books
Year of publication 2012
300 ## - PHYSICAL DESCRIPTION
Number of Pages 344
650 ## - SUBJECT ADDED ENTRY--TOPICAL TERM
Topical Term Diploma Engineering
942 ## - ADDED ENTRY ELEMENTS (KOHA)
Koha item type Books
Holdings
Lost status Damaged status Home library Current library Shelving location Date acquired Cost, normal purchase price Full call number Accession Number Koha item type
    JRU Library   SHELF-47-F 28/06/2016 195.00 11215 11215 Books
    JRU Library   SHELF-47-F 28/06/2016 195.00 11215 11216 Books
    JRU Library     28/06/2016 195.00 11215 11217 Books
    JRU Library   SHELF-47-F 28/06/2016 195.00 11215 11218 Books
    JRU Library     28/06/2016 195.00 11215 11219 Books
    JRU Library     28/06/2016 195.00 11215 11220 Books
    JRU Library     28/06/2016 195.00 11215 11221 Books
    JRU Library     28/06/2016 195.00 11215 11222 Books
    JRU Library     28/06/2016 195.00 11215 11223 Books
    JRU Library   SHELF-47-F 28/06/2016 195.00 11215 11224 Books
    JRU Library     28/06/2016 195.00 11215 11225 Books
    JRU Library   SHELF-47-F 28/06/2016 195.00 11215 11226 Books
    JRU Library     28/06/2016 195.00 11215 11227 Books
    JRU Library     28/06/2016 195.00 11215 11228 Books
    JRU Library     28/06/2016 195.00 11215 11229 Books
    JRU Library     28/06/2016 195.00 11215 11230 Books
    JRU Library     28/06/2016 195.00 11215 11231 Books
    JRU Library     28/06/2016 195.00 11215 11232 Books
    JRU Library     28/06/2016 195.00 11215 11233 Books
    JRU Library   SHELF-47-F 28/06/2016 195.00 11215 11234 Books
    JRU Library   SHELF-47-F 28/06/2016 195.00 11215 11235 Books
    JRU Library     28/06/2016 195.00 11215 11236 Books
    JRU Library     28/06/2016 195.00 11215 11237 Books
    JRU Library     28/06/2016 195.00 11215 11238 Books
    JRU Library     28/06/2016 195.00 11215 11239 Books
    JRU Library   SHELF-47-F 28/06/2016 195.00 11215 11240 Books
    JRU Library     28/06/2016 195.00 11215 11241 Books
    JRU Library     28/06/2016 195.00 11215 11242 Books
    JRU Library     28/06/2016 195.00 11215 11243 Books
    JRU Library     28/06/2016 195.00 11215 11244 Books
    JRU Library     28/06/2016 195.00 11215 11245 Books
    JRU Library     28/06/2016 195.00 11215 11246 Books
    JRU Library     28/06/2016 195.00 11215 11247 Books
    JRU Library     28/06/2016 195.00 11215 11248 Books
    JRU Library     28/06/2016 195.00 11215 11249 Books